| 000 | 01350nam a2200325 i 4500 | ||
|---|---|---|---|
| 005 | 20220317001408.0 | ||
| 007 | ta | ||
| 008 | 201026t2014 sp ao br 000 0 spa d | ||
| 020 | _a9788434225244 | ||
| 040 |
_aCO-BoRNBP _bspa _erda _cCO-BoRNBP |
||
| 041 | 0 | _aspa | |
| 082 | 0 | 4 |
_a745.5 _bM17a _222 |
| 100 | 1 |
_aMarti i Garbayo, Mónica _eautora |
|
| 245 | 1 | 0 |
_aArte _bactividades creativas para la educación infantil _ctextos y realización de ejercicios Mónica Martí i Garbayo e Isabel Sanz Muelas ; ilustraciones Jairo Ribero ; editor Jesús Araújo |
| 250 | _aCuarta edición | ||
| 264 | 4 |
_aBadalona _bParramón Paidotribo _c©2014 |
|
| 300 |
_a48 páginas _bilustraciones, fotografías _c31 cm |
||
| 336 |
_atexto _btxt _2rdacontent |
||
| 337 |
_asin mediación _bn _2rdamedia |
||
| 338 |
_avolumen _bnc _2rdacarrier |
||
| 490 | 0 | _aManitas artísticas | |
| 500 | _aIncluye plantillas al final del texto | ||
| 521 | _aRecomendado para un público infantil mayor de 9 años | ||
| 650 | 1 | 7 |
_aActividades creativas y trabajo de clase _xEnseñanza _xLiteratura infantil _2LEMB |
| 650 | 1 | 7 |
_aTrabajos manuales (Educación) _xEnseñanza _xLiteratura infantil _2LEMB |
| 650 | 1 | 7 |
_aArtesanías _xEnseñanza _xLiteratura infantil _2LEMB |
| 700 | 1 |
_aSanz Muelas, Isabel _eautora _917478 |
|
| 700 | 1 |
_aRibero, Jairo _eilustrador _972042 |
|
| 942 |
_2ddc _cBKINF |
||
| 999 |
_c6838 _d6838 |
||